Loading...
| Current Events | 4 | 22.50 | 100% | 75% | 50% |
| Fine Arts - Auditory | 5 | 18.00 | 100% | 80% | 0% |
| Fine Arts - Other | 4 | 20.00 | 100% | 100% | 0% |
| Fine Arts - Visual | 8 | 16.25 | 100% | 50% | 13% |
| Geography | 4 | 17.50 | 100% | 50% | 25% |
| History - American | 5 | 8.00 | 40% | 20% | 20% |
| History - Ancient | 1 | 10.00 | 100% | 0% | 0% |
| History - Ancient/Other | 7 | 14.29 | 86% | 43% | 14% |
| History - European | 6 | 15.00 | 100% | 50% | 0% |
| History - World | 4 | 17.50 | 100% | 75% | 0% |
| Literature - American | 4 | 15.00 | 100% | 50% | 0% |
| Literature - British | 4 | 15.00 | 100% | 50% | 0% |
| Literature - European | 5 | 18.00 | 100% | 60% | 20% |
| Literature - World | 9 | 16.67 | 100% | 67% | 0% |
| Mythology | 3 | 16.67 | 100% | 67% | 0% |
| Other Academic | 2 | 10.00 | 100% | 0% | 0% |
| Philosophy | 4 | 20.00 | 100% | 75% | 25% |
| Religion | 6 | 8.33 | 67% | 17% | 0% |
| Science - Biology | 3 | 10.00 | 100% | 0% | 0% |
| Science - Chemistry | 8 | 16.25 | 100% | 63% | 0% |
| Science - Other | 5 | 18.00 | 100% | 60% | 20% |
| Science - Physics | 4 | 17.50 | 100% | 50% | 25% |
| Social Science | 10 | 16.00 | 90% | 60% | 10% |